Ganadores de la Supercopa de España - ¡Muerte súbita! - Estadísticas

Estadísticas generales
  • Esta prueba ha sido intentada 1.513 veces
  • La puntuación promedio es 6 de 10
Answers on the Grid
Answers color-coded by a green-red scale on the quiz's grid according to % correct below.
S. D. Eibar
Athletic Club
Atlético de Madrid
C. A. Osasuna
C. D. Leganés
C. D. Mirandés
Cádiz C. F.
Córdoba C. F.
Deportivo Alavés
F. C. Barcelona
Getafe C. F.
Girona F. C.
Granada C. F.
R. C. Celta de Vigo
R. C. D. Espanyol
C. D. Tenerife
R. C. D. Mallorca
R. C. Deportivo de La Coruña
Racing de Santander
Rayo Vallecano
Real Betis Balompié
Real Madrid C. F.
Real Oviedo
Real Sociedad
Real Valladolid C. F.
Real Zaragoza
Sevilla F. C.
Sporting de Gijón
U. D. Las Palmas
Valencia C. F.
 
Estadísticas de respuestas
Respuesta % Correcto
Real Madrid C. F.
81%
F. C. Barcelona
79%
Atlético de Madrid
78%
Athletic Club
69%
Sevilla F. C.
60%
Valencia C. F.
56%
Real Sociedad
43%
R. C. Deportivo de La Coruña
41%
Real Zaragoza
32%
R. C. D. Mallorca
17%
No se encontraron pruebas coincidentes
Distribución de puntuación
Porcentaje de gente con cada puntuación
Porcentaje por número respondido
Historial de tus puntuaciones
No has intentado esta prueba.